Alternatívne zdroje financovania
Delenie finančných zdrojov z hľadiska ich pôsobenia v podniku. Alternatívne formy financovania. Crowdfunding ako jedna z foriem alternatívneho financovania aj ako efektívny marketingový nástroj. Ďalšie alternatívne formy financovania podniku: dotácie, granty, investičné fondy, operačné programy. Men...
Gespeichert in:
| 1. Verfasser: | |
|---|---|
| Format: | Buchkapitel |
| Sprache: | Slowakisch |
| Schlagworte: | |
| Tags: |
Keine Tags, Fügen Sie das erste Tag hinzu!
|
MARC
| LEADER | 00000naa a2200000 4500 | ||
|---|---|---|---|
| 001 | 0264781 | ||
| 005 | 20220311134240.0 | ||
| 041 | 0 | |a slo | |
| 044 | |a SK | ||
| 245 | 1 | 0 | |a Alternatívne zdroje financovania |c Peter Andrišin |
| 520 | |a Delenie finančných zdrojov z hľadiska ich pôsobenia v podniku. Alternatívne formy financovania. Crowdfunding ako jedna z foriem alternatívneho financovania aj ako efektívny marketingový nástroj. Ďalšie alternatívne formy financovania podniku: dotácie, granty, investičné fondy, operačné programy. Menej využívané: cashpooling, sekuritizácia, tolling. Cudzie zdroje - business angels, venture kapitál, private equity, franchising. | ||
| 610 | 2 | 0 | |a financie podnikové |
| 610 | 2 | 0 | |a financovanie |
| 610 | 2 | 0 | |a financovanie cudzie |
| 610 | 2 | 0 | |a zdroje finančné vlastné |
| 610 | 2 | 0 | |a zdroje finančné cudzie |
| 610 | 2 | 0 | |a crowdfunding |
| 610 | 2 | 0 | |a franšíza |
| 100 | 1 | |a Andrišin, Peter | |